Numéros des départements de la région Hauts de France - Statistiques

Statistiques générales
  • Ce quiz a été pris 190 fois
  • Le résultat moyen est 4 sur 5
Statistiques - réponses
Département Numéro % Correct
Aisne 02
94%
Nord 59
88%
Pas de Calais 62
85%
Oise 60
84%
Somme 80
81%
Aucun quiz correspondant
Distribution des résultats
% des personnes avec chaque résultat
Percentile par nombre de réponses
Votre historique - résultats
Vous n’avez pas pris ce quiz